000 00753nam a2200253 4500
003 MX-MxINE
005 20260601193905.0
008 260509b1973 enk |||| |||| 00| 0 eng d
020 _a0710075553
040 _aICI
_bspa
_cICI
_erda
041 _aeng
050 _aT20
_bT48
100 1 _aThring, Meredith Wooldridge,
_d1915-,
_eautor
_934378
245 _aMan, machines and tomorrow /
_cM. W. Thring with the assistance of Avril Blake
264 _aLondres :
_bRoutledge and Kegan Paul,
_c1973
300 _a127 páginas
336 _2rdacontent
_atexto
337 _2rdamedia
_asin medio
338 _2rdacarrier
_avolumen
650 _aTecnología
650 _aSiglo XX
_xPronósticos
_934379
700 _aBlake, Avril
942 _2lcc
_n1
_cB
999 _c22363
_d22363